[Event "Dortmund NC World Masters"]
[Site "Dortmund"]
[Date "2021.07.18"]
[Round "4"]
[White "Kramnik, Vladimir"]
[Black "Anand, Viswanathan"]
[Result "1/2-1/2"]
[WhiteElo "2753"]
[BlackElo "2753"]
[PlyCount "79"]
[EventDate "2021.07.14"]
[EventType "match"]
[EventRounds "4"]
[EventCountry "GER"]
[SourceTitle "CBM 203 Extra"]
[Source "ChessBase"]
[SourceDate "2021.09.30"]
[SourceVersion "1"]
[SourceVersionDate "2021.09.30"]
[SourceQuality "1"]

1. c4 e6 2. d4 d5 3. Nc3 c5 4. cxd5 exd5 5. Nf3 Be6 6. Bf4 Nc6 7. e3 a6 8. dxc5 Bxc5 9. Ng5 Nf6 10. Nxe6 $146 ({RR} 10. Bd3 O-O 11. a3 h6 12. h4 d4 13. Nxe6 fxe6 14. Na4 Ba7 15. Qb3 Nd5 16. Qxb7 dxe3 17. fxe3 Nxf4 18. exf4 Qxd3 19. Rh3 Qe4+ 20. Kd2 Rad8+ 21. Kc1 Be3+ 22. Rxe3 Qxe3+ 23. Kb1 Qe4+ 24. Ka2 Qxa4 {Blandzi,D (2049)-Jamroz,G (2068) Wisla 2000 0-1}) ({RR} 10. Bd3 O-O 11. a3 h6 12. h4 d4 13. Nxe6 fxe6 14. Na4 Ba7 15. Qb3 Nd5 16. Qxb7 dxe3 17. fxe3 Nxf4 18. exf4 Qxd3 19. Rh3 Qe4+ 20. Kd2 Rad8+ 21. Kc1 Be3+ 22. Rxe3 Qxe3+ 23. Kb1 Qe4+ 24. Ka2 Qxa4 {Blandzi,D (2049)-Jamroz,G (2068) Wisla 2000 0-1}) 10... fxe6 11. Bd3 Bd6 12. Bg3 Bxg3 13. hxg3 Ke7 14. Qe2 h5 15. Rd1 Ne5 16. Bc2 Qb6 17. Bb3 Rad8 18. Rd4 Nc6 19. Rdh4 Ne5 20. g4 Nexg4 21. Rxh5 Rxh5 22. Rxh5 Nxe3 23. Rg5 d4 24. Rxg7+ Kf8 25. Rg6 dxc3 26. Qf3 Qd4 27. Rxf6+ Kg7 28. Rf7+ Kg8 29. fxe3 Qd2+ 30. Kf1 cxb2 31. Qg4+ Kxf7 32. Qxe6+ Kg7 33. Qe7+ Kh8 34. Qf6+ Kh7 35. Qf7+ Kh8 36. Qh5+ Kg7 37. Qg5+ Kh7 38. Qh5+ Kg7 39. Qf7+ Kh8 40. Qh5+ 1/2-1/2

[Event "Rubinstein Memorial 57th"]
[Site "Polanica Zdroj"]
[Date "2021.08.19"]
[Round "7"]
[White "Shevchenko, Kirill"]
[Black "Stocek, Jiri"]
[Result "1-0"]
[WhiteElo "2619"]
[BlackElo "2604"]
[PlyCount "129"]
[EventDate "2021.08.13"]
[EventType "tourn"]
[EventRounds "9"]
[EventCountry "POL"]
[EventCategory "14"]
[SourceTitle "CBM 203 Extra"]
[Source "ChessBase"]
[SourceDate "2021.09.30"]
[SourceVersion "1"]
[SourceVersionDate "2021.09.30"]
[SourceQuality "1"]

1. c4 Nf6 2. Nc3 c5 3. g3 e6 4. Nf3 d5 5. cxd5 exd5 6. d4 Nc6 7. Bg2 cxd4 8. Nxd4 Bc5 9. Nb3 Bb6 10. O-O d4 11. Na4 O-O 12. Bg5 Re8 13. Re1 Re5 $146 ({RR} 13... h6 14. Nxb6 axb6 15. Bxc6 bxc6 16. Bxf6 Qxf6 17. Qxd4 Qd8 18. Qc3 c5 19. Rad1 Qc7 20. Nc1 Ba6 21. f3 Re7 22. Kf2 Rae8 23. Rd2 h5 24. Rd5 h4 25. e4 Qc8 26. Rh5 Rd8 27. gxh4 Qh3 28. Kg1 {Huzman,A (2539)-Mladek,R (2361) Prague 2022 0-1 (36)}) ({RR} 13... h6 14. Bxf6 Qxf6 15. Nxb6 axb6 16. Bxc6 bxc6 17. Qxd4 Qd8 18. Qxd8 Rxd8 19. Red1 Rxd1+ 20. Rxd1 Be6 21. Nc1 Bxa2 22. Nxa2 Rxa2 23. Rd8+ Kh7 24. Rd6 Rxb2 25. Rxc6 Rxe2 26. Rxb6 {½-½ (26) Tomashevsky,E (2694)-Grischuk,A (2736) Moscow RUS 2023}) ({RR} 13... h6 14. Bxf6 Qxf6 15. Nxb6 axb6 16. Bxc6 bxc6 17. Qxd4 Qd8 18. Qc3 c5 19. a4 Be6 20. Nd2 Ra5 21. b3 Qe7 22. Rad1 Rea8 23. Nc4 Bxc4 24. Qxc4 b5 25. axb5 Rb8 26. Rd3 Raxb5 27. Red1 R5b7 28. Re3 {Zhang,X (2258)-Xia,M (1816) Xinghua CHN 2026 1-0 (58)}) ({RR} 13... h6 14. Nxb6 axb6 15. Bxc6 bxc6 16. Bxf6 Qxf6 17. Qxd4 Qd8 18. Qc3 c5 19. Rad1 Qc7 20. Nc1 Ba6 21. f3 Re7 22. Kf2 Rae8 23. Rd2 h5 24. Rd5 h4 25. e4 Qc8 26. Rh5 Rd8 27. gxh4 Qh3 28. Kg1 {Huzman,A (2539)-Mladek,R (2361) Prague 2022 0-1 (36)}) ({RR} 13... h6 14. Bxf6 Qxf6 15. Nxb6 axb6 16. Bxc6 bxc6 17. Qxd4 Qd8 18. Qxd8 Rxd8 19. Red1 Rxd1+ 20. Rxd1 Be6 21. Nc1 Bxa2 22. Nxa2 Rxa2 23. Rd8+ Kh7 24. Rd6 Rxb2 25. Rxc6 Rxe2 26. Rxb6 {½-½ (26) Tomashevsky,E (2694)-Grischuk,A (2736) Moscow RUS 2023}) ({RR} 13... h6 14. Bxf6 Qxf6 15. Nxb6 axb6 16. Bxc6 bxc6 17. Qxd4 Qd8 18. Qc3 c5 19. a4 Be6 20. Nd2 Ra5 21. b3 Qe7 22. Rad1 Rea8 23. Nc4 Bxc4 24. Qxc4 b5 25. axb5 Rb8 26. Rd3 Raxb5 27. Red1 R5b7 28. Re3 {Zhang,X (2258)-Xia,M (1816) Xinghua CHN 2026 1-0 (58)}) 14. Bxf6 Qxf6 15. Nxb6 axb6 16. Nxd4 h5 17. Nxc6 bxc6 18. Qd4 c5 19. Qf4 Ra7 20. Qxf6 gxf6 21. Rad1 Bg4 22. f3 Bd7 23. f4 Re7 24. a3 Re3 25. Rd3 Rxd3 26. exd3 Bb5 27. Re3 Rd7 28. Bf1 h4 29. Kf2 Rd4 30. Re4 hxg3+ 31. hxg3 Rd5 32. Ke3 Kf8 33. Be2 Rd8 34. Kd2 Bc6 35. Re3 Rd6 36. Bg4 Bb5 37. Kc3 Rd8 38. Be2 Rd6 39. Bd1 f5 40. Bb3 Bd7 41. Ba2 Bb5 42. Bb3 Bd7 43. Bc4 Be8 44. Ba6 Bd7 45. Bb7 Be6 46. Re5 Rd8 47. Ba6 Ke7 48. Bc4 Kd6 49. d4 Rh8 50. dxc5+ bxc5 51. Bxe6 fxe6 52. b4 cxb4+ 53. axb4 Rh1 54. Re3 Rc1+ 55. Kd4 Rb1 56. Kc4 Rc1+ 57. Kb5 Kd5 58. Re5+ Kd6 59. Re3 Kd5 60. Kb6 Rc8 61. b5 Rg8 62. Ka6 Kd4 63. Rxe6 Rxg3 64. Re5 Rg6+ 65. b6 1-0

[Event "Sinquefield Cup 8th"]
[Site "Saint Louis"]
[Date "2021.08.25"]
[Round "8"]
[White "Xiong, Jeffery"]
[Black "Mamedyarov, Shakhriyar"]
[Result "1/2-1/2"]
[WhiteElo "2710"]
[BlackElo "2782"]
[PlyCount "67"]
[EventDate "2021.08.17"]
[EventType "tourn"]
[EventRounds "9"]
[EventCountry "USA"]
[EventCategory "20"]
[SourceTitle "CBM 204"]
[Source "ChessBase"]
[SourceDate "2021.10.31"]
[SourceVersion "1"]
[SourceVersionDate "2021.10.31"]
[SourceQuality "1"]

1. c4 e6 2. Nc3 d5 3. d4 a6 4. cxd5 exd5 5. Bf4 Nf6 6. e3 c5 7. dxc5 Bxc5 8. Nf3 Nc6 9. Be2 O-O 10. O-O Re8 ({RR} 10... Be6 11. Ne5 Bd6 12. Nxc6 bxc6 13. Na4 c5 14. Bxd6 Qxd6 15. Rc1 Rfc8 16. Qd2 Rab8 17. b3 Rc6 18. Rfd1 Qc7 19. h3 h6 20. Bf3 a5 21. Nc3 Rd8 22. e4 d4 23. e5 Nd5 24. Nb5 Qb6 25. Nd6 {Nakamura,H (2736)-Le,Q (2709) chess24.com INT 2021 1-0 (48)}) ({RR} 10... d4 11. exd4 Nxd4 12. Nxd4 Qxd4 13. Qxd4 Bxd4 14. Bf3 Ra7 15. Bb8 Ra8 16. Bc7 Be6 17. Rac1 Bxc3 18. Rxc3 Nd5 19. Bxd5 Bxd5 20. a3 Rac8 21. Rfc1 f6 22. f3 Rfe8 23. Kf2 Kf7 24. Bb6 Rxc3 25. Rxc3 {Yushko,O (2017)-Baches Garcia,G (2305) chess.com INT 2026 ½-½ (90)}) ({RR} 10... Be6 11. Ne5 Bd6 12. Nxc6 bxc6 13. Na4 c5 14. Bxd6 Qxd6 15. Rc1 Rfc8 16. Qd2 Rab8 17. b3 Rc6 18. Rfd1 Qc7 19. h3 h6 20. Bf3 a5 21. Nc3 Rd8 22. e4 d4 23. e5 Nd5 24. Nb5 Qb6 25. Nd6 {Nakamura,H (2736)-Le,Q (2709) chess24.com INT 2021 1-0 (48)}) ({RR} 10... d4 11. exd4 Nxd4 12. Nxd4 Qxd4 13. Qxd4 Bxd4 14. Bf3 Ra7 15. Bb8 Ra8 16. Bc7 Be6 17. Rac1 Bxc3 18. Rxc3 Nd5 19. Bxd5 Bxd5 20. a3 Rac8 21. Rfc1 f6 22. f3 Rfe8 23. Kf2 Kf7 24. Bb6 Rxc3 25. Rxc3 {Yushko,O (2017)-Baches Garcia,G (2305) chess.com INT 2026 ½-½ (90)}) 11. Rc1 $146 ({RR} 11. h3 h6 12. Rc1 Ba7 13. Na4 Ne4 14. Nd4 Nxd4 15. exd4 Qf6 16. Be5 Rxe5 17. dxe5 Bxf2+ 18. Kh1 Qxe5 19. g4 Bd7 20. Nc3 Qg3 21. Qd3 Be3 22. Rf3 Qxf3+ 23. Bxf3 Nf2+ 24. Kg2 Nxd3 25. Rd1 Nf4+ {Koelle,T (2357)-Vogel,R (2518) Playchess.com INT 2021 0-1 (47)}) ({RR} 11. h3 h6 12. Rc1 Ba7 13. Na4 Ne4 14. Nd4 Nxd4 15. exd4 Qf6 16. Be5 Rxe5 17. dxe5 Bxf2+ 18. Kh1 Qxe5 19. g4 Bd7 20. Nc3 Qg3 21. Qd3 Be3 22. Rf3 Qxf3+ 23. Bxf3 Nf2+ 24. Kg2 Nxd3 25. Rd1 Nf4+ {Koelle,T (2357)-Vogel,R (2518) Playchess.com INT 2021 0-1 (47)}) 11... h6 12. Qc2 Ba7 13. Rfd1 Be6 14. Ne5 Rc8 15. Bf3 Qa5 16. Qd3 Ne7 17. h3 Red8 18. Qe2 b5 19. a3 d4 20. exd4 Rxd4 21. Nd3 Rdd8 22. Nb4 Ng6 23. Be3 Rxd1+ 24. Rxd1 Bb8 25. Nc6 Rxc6 26. Bxc6 Qc7 27. f4 Nxf4 28. Qd2 Nd3 29. Qxd3 Qh2+ 30. Kf2 Qg3+ 31. Kg1 Qh2+ 32. Kf2 Qg3+ 33. Kg1 Qh2+ 34. Kf2 1/2-1/2

[Event "86th Tata Steel Masters"]
[Site "Wijk aan Zee NED"]
[Date "2024.01.20"]
[Round "7.5"]
[White "Gukesh, D."]
[Black "Warmerdam, Max"]
[Result "1-0"]
[WhiteElo "2725"]
[BlackElo "2625"]
[PlyCount "131"]
[EventDate "2024.01.13"]

1. c4 e6 2. Nc3 d5 3. d4 c5 4. cxd5 cxd4 5. Qa4+ Bd7 6. Qxd4 exd5 7. Qxd5 Nf6 8. Qd1 Bb4 9. Bd2 O-O 10. Nf3 Bxc3 11. Bxc3 Ne4 12. Qd4 Nxc3 13. Qxc3 Qe7 14. e3 Rc8 15. Qd2 Rd8 16. Qc3 $146 ({RR} 16. Be2 Bb5 17. Nd4 Bxe2 18. Qxe2 Qb4+ 19. Qd2 Qc4 20. Qc3 Qa6 21. f3 Nd7 22. Kf2 Rac8 23. Qd2 Ne5 24. Rhd1 Qh6 25. Kg1 Qg6 26. Kh1 h5 27. Qf2 Nd3 28. Qe2 Ne5 29. h3 h4 30. f4 Nc4 {Ambartsumova,K (2418)-Goltseva,E (2286) FIDE Online Arena INT 2024 0-1 (74)}) ({RR} 16. Be2 Bb5 17. Nd4 Bxe2 18. Qxe2 Qb4+ 19. Qd2 Qc4 20. Qc3 Qa6 21. f3 Nd7 22. Kf2 Rac8 23. Qd2 Ne5 24. Rhd1 Qh6 25. Kg1 Qg6 26. Kh1 h5 27. Qf2 Nd3 28. Qe2 Ne5 29. h3 h4 30. f4 Nc4 {Ambartsumova,K (2418)-Goltseva,E (2286) FIDE Online Arena INT 2024 0-1 (74)}) 16... Rc8 17. Qd2 Rd8 18. Rd1 Nc6 19. Qd6 Qe8 20. Be2 Be6 21. Qa3 Rxd1+ 22. Bxd1 Bc4 23. b3 Ba6 24. Be2 Qe4 25. Qc1 Qb4+ 26. Qd2 Bxe2 27. Kxe2 Qb5+ 28. Qd3 Qxd3+ 29. Kxd3 Nb4+ 30. Kc3 Nxa2+ 31. Kb2 Nb4 32. Rd1 Rc8 33. Ka3 Na6 34. Ng5 Nc5 35. b4 h6 36. Nxf7 Kxf7 37. bxc5 Rxc5 38. Rd7+ Kf6 39. Rxb7 Rc1 40. Rb2 g5 41. h3 h5 42. Kb3 Rg1 43. f3 Re1 44. e4 g4 45. hxg4 hxg4 46. Kc4 Rf1 47. Rb8 Ke7 48. Rb3 Ke6 49. Kd4 Rf2 50. Ra3 a5 51. f4 Rxf4 52. Ke3 Rf1 53. Rxa5 Rg1 54. Kf2 Rb1 55. Kg3 Rb2 56. Rg5 Ra2 57. Rxg4 Ke5 58. Rg6 Kxe4 59. Rg5 Ra8 60. Kh4 Ra1 61. g3 Rf1 62. Kg4 Rf8 63. Rh5 Rf7 64. Kh4 Kf3 65. g4 Kf4 66. Rh6 1-0

[Event "Titled Tue 16th Jan Late"]
[Site "chess.com INT"]
[Date "2024.01.16"]
[Round "8"]
[White "Erigaisi, Arjun"]
[Black "Kramnik, V."]
[Result "1-0"]
[WhiteElo "2738"]
[BlackElo "2753"]
[PlyCount "93"]
[EventDate "2024.01.16"]

1. c4 e6 2. Nf3 Nf6 3. Nc3 c5 4. e3 d5 5. cxd5 exd5 6. d4 Nc6 7. Bb5 cxd4 8. exd4 Bd6 9. O-O O-O 10. h3 h6 11. Re1 Re8 ({RR} 11... Bf5 12. Ne5 Rc8 13. Bf4 Ne7 14. Ba4 Ne4 15. Nxe4 Bxe4 16. Bb3 Nc6 17. Nxc6 Rxc6 18. Bxd6 Qxd6 19. f3 Bf5 20. Re5 Be6 21. Qd2 f6 22. Re3 Rfc8 23. Rae1 Bf7 24. R3e2 R6c7 25. Re3 Rc6 26. R3e2 {Grischuk,A (2778)-Anand,V (2753) Zagreb 2021 ½-½}) ({RR} 11... Bf5 12. Ne5 Qb6 13. Bxc6 bxc6 14. Na4 Qb5 15. Bf4 Bxe5 16. Bxe5 Nd7 17. b3 Rfe8 18. Bd6 Qd3 19. Qxd3 Bxd3 20. Rac1 Bb5 21. Nc3 Bd3 22. f3 f6 23. Kf2 Kf7 24. Re3 Rxe3 25. Kxe3 Ba6 26. Rc2 {Robson,R (2650)-Hovhannisyan,R (2621) Doha QAT 2025 ½-½ (136)}) ({RR} 11... Bf5 12. Ne5 Rc8 13. Bf4 Re8 14. Qa4 Qb6 15. Re3 Nxd4 16. Bxe8 Rxe8 17. Nxd5 Nxd5 18. Qxe8+ Bf8 19. Qxf7+ {1-0 (19) Erigaisi,A (2712)-Vakhlamov,I (2413) chess.com INT 2023}) ({RR} 11... Bf5 12. Ne5 Rc8 13. Bf4 Ne7 14. Ba4 Ne4 15. Nxe4 Bxe4 16. Bb3 Nc6 17. Nxc6 Rxc6 18. Bxd6 Qxd6 19. f3 Bf5 20. Re5 Be6 21. Qd2 f6 22. Re3 Rfc8 23. Rae1 Bf7 24. R3e2 R6c7 25. Re3 Rc6 26. R3e2 {Grischuk,A (2778)-Anand,V (2753) Zagreb 2021 ½-½}) ({RR} 11... Bf5 12. Ne5 Qb6 13. Bxc6 bxc6 14. Na4 Qb5 15. Bf4 Bxe5 16. Bxe5 Nd7 17. b3 Rfe8 18. Bd6 Qd3 19. Qxd3 Bxd3 20. Rac1 Bb5 21. Nc3 Bd3 22. f3 f6 23. Kf2 Kf7 24. Re3 Rxe3 25. Kxe3 Ba6 26. Rc2 {Robson,R (2650)-Hovhannisyan,R (2621) Doha QAT 2025 ½-½ (136)}) ({RR} 11... Bf5 12. Ne5 Rc8 13. Bf4 Re8 14. Qa4 Qb6 15. Re3 Nxd4 16. Bxe8 Rxe8 17. Nxd5 Nxd5 18. Qxe8+ Bf8 19. Qxf7+ {1-0 (19) Erigaisi,A (2712)-Vakhlamov,I (2413) chess.com INT 2023}) 12. Be3 $146 ({RR} 12. Rxe8+ Qxe8 13. Ba4 Be6 14. Nb5 Bb8 15. Ne5 a6 16. Nc3 b5 17. Nxc6 Qxc6 18. Bb3 Qd6 19. g3 Bxh3 20. Bf4 Qe6 21. Qd2 b4 22. Ne2 Qe4 23. f3 Qxf3 24. Nc1 Ne4 25. Qe2 Qxe2 26. Nxe2 Be6 {Bauer,C (2631)-Arcelin,G (1934) Europe Echecs INT 2022 1-0 (52)}) ({RR} 12. Rxe8+ Qxe8 13. Ba4 Be6 14. Nb5 Bb8 15. Ne5 a6 16. Nc3 b5 17. Nxc6 Qxc6 18. Bb3 Qd6 19. g3 Bxh3 20. Bf4 Qe6 21. Qd2 b4 22. Ne2 Qe4 23. f3 Qxf3 24. Nc1 Ne4 25. Qe2 Qxe2 26. Nxe2 Be6 {Bauer,C (2631)-Arcelin,G (1934) Europe Echecs INT 2022 1-0 (52)}) 12... Bf5 13. Rc1 Rc8 14. Qa4 a6 15. Bf1 Bb8 16. a3 Qd6 17. Ne2 Qd7 18. Nf4 Ne5 19. Qxd7 Nxf3+ 20. gxf3 Bxd7 21. Nd3 Bb5 22. Nc5 Bxf1 23. Kxf1 Re7 24. Bd2 Rxe1+ 25. Rxe1 Ba7 26. Re7 Bxc5 27. dxc5 Rxc5 28. Rxb7 d4 29. Ke2 Rh5 30. Ra7 Rxh3 31. Rxa6 h5 32. Rd6 Rh1 33. Bg5 Rb1 34. b4 Rb2+ 35. Kf1 Rb3 36. Ra6 Rxf3 37. Bxf6 gxf6 38. b5 Rb3 39. a4 h4 40. Rd6 h3 41. Kg1 Rb4 42. b6 Kg7 43. a5 Kg6 44. a6 d3 45. a7 Rg4+ 46. Kh2 Ra4 47. b7 1-0

[Event "86th Tata Steel Masters"]
[Site "Wijk aan Zee NED"]
[Date "2024.01.23"]
[Round "9.4"]
[White "Maghsoodloo, Parham"]
[Black "Warmerdam, Max"]
[Result "1-0"]
[WhiteElo "2740"]
[BlackElo "2625"]
[PlyCount "113"]
[EventDate "2024.01.13"]

1. d4 d5 2. c4 e6 3. Nc3 c5 4. cxd5 cxd4 5. Qxd4 Nc6 6. Qd1 exd5 7. Qxd5 Qc7 8. Nf3 Nf6 9. Qd3 ({RR} 9. Qb3 Be6 10. Qa4 Bb4 11. Bd2 O-O 12. e3 Rad8 13. Be2 Bg4 14. Rd1 a6 15. O-O b5 16. Qxa6 Bxc3 17. Bxc3 Ne4 18. Qxb5 Nxc3 19. bxc3 Ra8 20. Nd4 Bd7 21. Qc4 Rfc8 22. Nb5 Qd8 23. Qd5 Be6 {Rustemov,A (2778)-Colville,J (2578) Chess.com 2024 1-0 (32)}) ({RR} 9. Qd1 Bb4 10. Bd2 O-O 11. e3 Bg4 12. Be2 Rad8 13. O-O a6 14. Qc2 Bd6 15. h3 Bh5 16. Rac1 Nb4 17. Qb3 Qe7 18. a3 Nc6 19. Rfd1 Ne5 20. Qxb7 Qxb7 {0-1 (20) Ardila,O (1956)-Silva,L (2319) chess.com INT 2026}) ({RR} 9. Qb3 Be6 10. Qa4 Bb4 11. Bd2 O-O 12. e3 Rad8 13. Be2 Bg4 14. Rd1 a6 15. O-O b5 16. Qxa6 Bxc3 17. Bxc3 Ne4 18. Qxb5 Nxc3 19. bxc3 Ra8 20. Nd4 Bd7 21. Qc4 Rfc8 22. Nb5 Qd8 23. Qd5 Be6 {Rustemov,A (2778)-Colville,J (2578) Chess.com 2024 1-0 (32)}) ({RR} 9. Qd1 Bb4 10. Bd2 O-O 11. e3 Bg4 12. Be2 Rad8 13. O-O a6 14. Qc2 Bd6 15. h3 Bh5 16. Rac1 Nb4 17. Qb3 Qe7 18. a3 Nc6 19. Rfd1 Ne5 20. Qxb7 Qxb7 {0-1 (20) Ardila,O (1956)-Silva,L (2319) chess.com INT 2026}) 9... Be6 10. e3 $146 ({RR} 10. Bg5 Rd8 11. Qb1 Bb4 12. Bxf6 gxf6 13. Qc2 Qa5 14. e3 Rc8 15. Be2 Bf5 16. Qc1 Ne7 17. O-O Nd5 18. Nd4 Bd7 19. Nb3 Nxc3 20. bxc3 Qa3 21. c4 Be6 22. Qc2 b5 23. Nd4 Qa6 24. cxb5 Qb7 {Mesic,I (2255)-Willy,S (2046) Dimitrovgrad SRB 2024 1-0 (31)}) ({RR} 10. Bg5 Rd8 11. Qb1 Bb4 12. Bxf6 gxf6 13. Qc2 Qa5 14. e3 Rc8 15. Be2 Bf5 16. Qc1 Ne7 17. O-O Nd5 18. Nd4 Bd7 19. Nb3 Nxc3 20. bxc3 Qa3 21. c4 Be6 22. Qc2 b5 23. Nd4 Qa6 24. cxb5 Qb7 {Mesic,I (2255)-Willy,S (2046) Dimitrovgrad SRB 2024 1-0 (31)}) 10... a6 11. Ng5 Nb4 12. Qb1 Bc4 13. Nge4 O-O-O 14. Nxf6 gxf6 15. Bxc4 Qxc4 16. Qe4 Qxe4 17. Nxe4 f5 18. Ng3 Nc2+ 19. Ke2 Nxa1 20. Bd2 Bg7 21. Rxa1 f4 22. Nf5 Bxb2 23. Rb1 Ba3 24. exf4 Rhe8+ 25. Be3 Bf8 26. g4 b5 27. Kf3 Rd3 28. Ng3 Ra3 29. Ne4 Rxa2 30. Nf6 Rxe3+ 31. fxe3 Rxh2 32. Nd5 Kb7 33. Rc1 Bd6 34. e4 Rh3+ 35. Ke2 h6 36. e5 Bb8 37. Rd1 a5 38. Ra1 a4 39. Rb1 Kc6 40. Nb4+ Kb6 41. Kd2 Rh4 42. Nd5+ Ka5 43. Rc1 Rh2+ 44. Kd3 a3 45. Rc8 Ba7 46. Rc7 Rh3+ 47. Ke4 Bf2 48. Rxf7 Bc5 49. Rc7 a2 50. Rc8 Ka4 51. e6 Ra3 52. Rxc5 a1=Q 53. e7 Qh8 54. Rc8 Qh7+ 55. f5 Rg3 56. e8=Q Rxg4+ 57. Ke5 1-0

[Event "ch-CHN 2024"]
[Site "Xinghua CHN"]
[Date "2024.05.10"]
[Round "5.2"]
[White "Xu, Xiangyu"]
[Black "Lu Shanglei"]
[Result "1/2-1/2"]
[WhiteElo "2637"]
[BlackElo "2611"]
[PlyCount "62"]
[EventDate "2024.05.06"]

1. d4 Nf6 2. c4 e6 3. Nf3 d5 4. Nc3 c5 5. e3 a6 6. cxd5 exd5 7. Be2 Nc6 8. O-O Bd6 9. dxc5 Bxc5 10. b3 O-O 11. Bb2 Ba7 12. Rc1 Re8 13. h3 ({RR} 13. Rc2 d4 14. exd4 Nxd4 15. Nxd4 Qxd4 16. Qxd4 Bxd4 17. Bf3 Bf5 18. Rd2 Bxc3 19. Bxc3 Ne4 20. Bxe4 Bxe4 21. f3 Bc6 22. Rfd1 h5 23. Kf2 f6 24. Kg3 Kh7 25. a4 Re3 26. Rd3 Rae8 27. h4 Rxd3 {Duda,J (2730)-Giri,A (2780) Chess.com INT 2019 ½-½ (55)}) ({RR} 13. Rc2 d4 14. exd4 Nxd4 15. Nxd4 Qxd4 16. Qxd4 Bxd4 17. Bf3 Bf5 18. Rd2 Bxc3 19. Bxc3 Ne4 20. Bxe4 Bxe4 21. f3 Bc6 22. Rfd1 h5 23. Kf2 f6 24. Kg3 Kh7 25. a4 Re3 26. Rd3 Rae8 27. h4 Rxd3 {Duda,J (2730)-Giri,A (2780) Chess.com INT 2019 ½-½ (55)}) 13... Bf5 ({RR} 13... d4 14. exd4 Nxd4 15. Nxd4 Qxd4 16. Bf3 Qh4 17. Nd5 Nxd5 18. Qxd5 Rb8 19. Rc4 Qh6 20. Re4 Be6 21. Rfe1 Red8 22. Qe5 Rd2 23. Bd4 b6 24. Be3 {1-0 (24) Erigaisi,A (2745)-Weetik,V (2423) chess.com INT 2026}) ({RR} 13... h6 14. Na4 Ne4 15. Nd4 Ne5 16. Nf3 Nc6 17. Nd4 Ne5 18. Nc3 Qd6 19. Nxe4 dxe4 20. Nb5 Qg6 21. Qd6 axb5 22. Bxe5 Qxd6 23. Bxd6 Bd7 24. Rfd1 Bc6 {½-½ (24) Xu,X (2623)-Sargsyan,S (2644) Hong Kong HKG 2026}) ({RR} 13... d4 14. exd4 Nxd4 15. Nxd4 Qxd4 16. Bf3 Qh4 17. Nd5 Nxd5 18. Qxd5 Rb8 19. Rc4 Qh6 20. Re4 Be6 21. Rfe1 Red8 22. Qe5 Rd2 23. Bd4 b6 24. Be3 {1-0 (24) Erigaisi,A (2745)-Weetik,V (2423) chess.com INT 2026}) ({RR} 13... h6 14. Na4 Ne4 15. Nd4 Ne5 16. Nf3 Nc6 17. Nd4 Ne5 18. Nc3 Qd6 19. Nxe4 dxe4 20. Nb5 Qg6 21. Qd6 axb5 22. Bxe5 Qxd6 23. Bxd6 Bd7 24. Rfd1 Bc6 {½-½ (24) Xu,X (2623)-Sargsyan,S (2644) Hong Kong HKG 2026}) 14. Bd3 Bxd3 $146 ({RR} 14... Be4 15. Bb1 Bxf3 16. Qxf3 d4 17. Ne4 Nxe4 18. Bxe4 dxe3 19. fxe3 Qe7 20. Bxc6 bxc6 21. Kh1 f6 22. Rxc6 Bxe3 23. Qg3 Bg5 24. Rc7 Qe3 25. Qg4 Kh8 26. Bc1 Qe5 27. Bf4 Qb5 28. Rfc1 h6 29. h4 {Prohaszka,P (2570)-Vocaturo,D (2615) Mayrhofen 2022 0-1 (69)}) ({RR} 14... Be4 15. Bb1 Bxf3 16. Qxf3 d4 17. Ne4 Nxe4 18. Bxe4 dxe3 19. fxe3 Qe7 20. Bxc6 bxc6 21. Kh1 f6 22. Rxc6 Bxe3 23. Qg3 Bg5 24. Rc7 Qe3 25. Qg4 Kh8 26. Bc1 Qe5 27. Bf4 Qb5 28. Rfc1 h6 29. h4 {Prohaszka,P (2570)-Vocaturo,D (2615) Mayrhofen 2022 0-1 (69)}) 15. Qxd3 d4 16. exd4 Nxd4 17. Rcd1 Nxf3+ 18. Qxf3 Qe7 19. Nd5 Nxd5 20. Rxd5 f6 21. Bd4 Bxd4 22. Rxd4 Rad8 23. Rd5 Rxd5 24. Qxd5+ Qf7 25. Rd1 Qxd5 26. Rxd5 Re1+ 27. Kh2 Re2 28. f3 Rxa2 29. Rd8+ Kf7 30. Rd7+ Kg6 31. Rxb7 Rb2 1/2-1/2

[Event "Titled Tue 26th Dec Late"]
[Site "chess.com INT"]
[Date "2023.12.26"]
[Round "8"]
[White "Santos Latasa, J."]
[Black "Bluebaum, M."]
[Result "0-1"]
[WhiteElo "2615"]
[BlackElo "2670"]
[PlyCount "64"]
[EventDate "2023.12.26"]

1. Nf3 d5 2. e3 Nf6 3. c4 e6 4. b3 Bd6 5. Bb2 O-O 6. Nc3 c5 7. cxd5 exd5 8. d4 Nc6 9. Be2 cxd4 10. Nxd4 Nxd4 11. Qxd4 Re8 12. O-O Be5 13. Qd3 Bg4 14. Rad1 Bxe2 15. Qxe2 d4 16. Nb5 Qb8 17. f4 $146 ({RR} 17. Nxd4 Bxh2+ 18. Kh1 Be5 19. Qf3 Qc8 20. Rd2 Qg4 21. Qxg4 Nxg4 22. Rfd1 g6 23. g3 Rad8 24. Kg2 a6 25. Ba3 h5 26. Nf3 Bf6 27. Rd7 Rxd7 28. Rxd7 Rc8 29. Ne1 Rd8 30. Rxd8+ Bxd8 31. Nd3 f5 {Le,Q (2728)-Dominguez Perez,L (2739) chess.com INT 2023 1-0 (58)}) ({RR} 17. Nxd4 Bxh2+ 18. Kh1 Be5 19. Qf3 Qc8 20. Rd2 Qg4 21. Qxg4 Nxg4 22. Rfd1 g6 23. g3 Rad8 24. Kg2 a6 25. Ba3 h5 26. Nf3 Bf6 27. Rd7 Rxd7 28. Rxd7 Rc8 29. Ne1 Rd8 30. Rxd8+ Bxd8 31. Nd3 f5 {Le,Q (2728)-Dominguez Perez,L (2739) chess.com INT 2023 1-0 (58)}) 17... Bxf4 18. Bxd4 Bxh2+ 19. Kh1 Be5 20. Qf3 a6 21. Bxe5 Rxe5 22. Nd6 Qc7 23. Qxb7 Qxb7 24. Nxb7 Rxe3 25. Rf4 h5 26. Nc5 Ng4 27. Kg1 Rae8 28. Nxa6 Re2 29. Nb4 Ne3 30. Rd3 Rxg2+ 31. Kh1 Re2 32. Kg1 Rc8 0-1

[Event "Titled Tue 2nd Jan Late"]
[Site "chess.com INT"]
[Date "2024.01.02"]
[Round "4"]
[White "Melkumyan, H."]
[Black "Radjabov, T."]
[Result "1-0"]
[WhiteElo "2640"]
[BlackElo "2723"]
[PlyCount "173"]
[EventDate "2024.01.02"]

1. Nf3 Nf6 2. c4 e6 3. Nc3 d5 4. e3 c5 5. cxd5 exd5 6. Bb5+ Nc6 7. d4 cxd4 8. Nxd4 Bd7 9. O-O Bd6 10. Nf3 Be6 11. b3 O-O 12. Bb2 Bg4 ({RR} 12... a6 13. Bd3 Bg4 14. h3 Bh5 15. Be2 Re8 16. Nh4 Bg6 17. Nxg6 hxg6 18. Bf3 Be5 19. Rb1 d4 20. exd4 Nxd4 21. Bxb7 Ra7 22. Bf3 Rd7 23. Na4 Bb8 24. Bxd4 Rxd4 25. Qc2 Qd6 26. g3 Ba7 27. Qc6 {Carlsen,M (2832)-Grischuk,A (2750) Chess.com INT 2017 ½-½ (56)}) ({RR} 12... a6 13. Bd3 Bg4 14. h3 Bh5 15. Be2 Bc7 16. Nh4 Qd6 17. g3 Bg6 18. Nxg6 hxg6 19. Bf3 Rad8 20. Ne2 Qe6 21. Bg2 Be5 22. Nd4 Nxd4 23. Bxd4 Rc8 24. Bxe5 Qxe5 25. Rc1 b5 26. Qd2 Ne4 27. Bxe4 {Abel,D (2383)-Korneev,O (2441) Germany GER 2026 ½-½}) ({RR} 12... a6 13. Bd3 Bg4 14. h3 Bh5 15. Be2 Re8 16. Nh4 Bg6 17. Nxg6 hxg6 18. Bf3 Be5 19. Rb1 d4 20. exd4 Nxd4 21. Bxb7 Ra7 22. Bf3 Rd7 23. Na4 Bb8 24. Bxd4 Rxd4 25. Qc2 Qd6 26. g3 Ba7 27. Qc6 {Carlsen,M (2832)-Grischuk,A (2750) Chess.com INT 2017 ½-½ (56)}) ({RR} 12... a6 13. Bd3 Bg4 14. h3 Bh5 15. Be2 Bc7 16. Nh4 Qd6 17. g3 Bg6 18. Nxg6 hxg6 19. Bf3 Rad8 20. Ne2 Qe6 21. Bg2 Be5 22. Nd4 Nxd4 23. Bxd4 Rc8 24. Bxe5 Qxe5 25. Rc1 b5 26. Qd2 Ne4 27. Bxe4 {Abel,D (2383)-Korneev,O (2441) Germany GER 2026 ½-½}) 13. Be2 $146 ({RR} 13. h3 Bh5 14. Be2 Rc8 15. Nh4 Bg6 16. Nxg6 hxg6 17. Nb5 Bb8 18. Bf3 a6 19. Nd4 Re8 20. Nxc6 bxc6 21. Qd3 a5 22. Rac1 Ne4 23. Bxe4 Rxe4 24. Rc2 Rh4 25. Rfc1 Qd6 26. Kf1 Rh5 27. Qa6 Rf8 {Carlsen,M (2864)-Praggnanandhaa,R (2624) Oslo 2022 1-0 (35)}) ({RR} 13. h3 Bh5 14. Be2 Rc8 15. Nh4 Bg6 16. Nxg6 hxg6 17. Nb5 Bb8 18. Bf3 a6 19. Nd4 Re8 20. Nxc6 bxc6 21. Qd3 a5 22. Rac1 Ne4 23. Bxe4 Rxe4 24. Rc2 Rh4 25. Rfc1 Qd6 26. Kf1 Rh5 27. Qa6 Rf8 {Carlsen,M (2864)-Praggnanandhaa,R (2624) Oslo 2022 1-0 (35)}) 13... a6 14. h3 Be6 15. Bd3 Bc7 16. Ne2 Ne4 17. Nf4 Re8 18. Rc1 Rc8 19. Bb1 Bb8 20. Nd4 Nf6 21. Nxc6 bxc6 22. Qd3 Ne4 23. Qxa6 Bd7 24. Qd3 Bf5 25. Qa6 Bd7 26. Rfd1 Qg5 27. Bxe4 Rxe4 28. Rxd5 Qe7 29. Rd4 Bxf4 30. Rxe4 Qxe4 31. exf4 Qxf4 32. Rd1 Re8 33. Qd3 Bf5 34. Qg3 Qxg3 35. fxg3 f6 36. Rd2 Ra8 37. Bd4 Be6 38. Kf2 Bd5 39. g4 Kf7 40. Be3 h6 41. Rb2 Ke6 42. a4 g5 43. Bb6 f5 44. gxf5+ Kxf5 45. a5 Ke4 46. b4 Kd3 47. Bc5 h5 48. Kg3 Be6 49. Rf2 Ke4 50. Re2+ Kd5 51. Rd2+ Ke4 52. Rd6 Bd5 53. Rg6 Kf5 54. Rg7 h4+ 55. Kf2 Kf6 56. Rd7 Ke6 57. Rd6+ Ke5 58. Rh6 Kf5 59. g3 hxg3+ 60. Kxg3 Be4 61. Rh7 Bd5 62. Re7 Kf6 63. Re2 Kf5 64. Re1 Kf6 65. Ra1 Ra6 66. Bb6 Bc4 67. Rc1 Bd5 68. Rc5 Ke6 69. Rc1 Kf6 70. Be3 Ra8 71. Rf1+ Kg6 72. Bc5 Ra6 73. Rf8 Bc4 74. Rd8 Be6 75. Rd6 Kf5 76. Rd8 Bc4 77. Rb8 Be6 78. Bb6 Bd5 79. Kf2 Kg6 80. Ke3 Be6 81. Rh8 Bd5 82. Kd4 Be6 83. Kc5 Kg7 84. Rd8 Bxh3 85. Kxc6 Bg2+ 86. Kc5 Bf1 87. b5 1-0